000 00314nam a22001337a 4500
008 181017b xxu||||| |||| 00| 0 eng d
020 _a9781451173673
041 _aeng
080 _23rd
_a610
100 _a4
101 _aSHM
245 _aTaylor's Differential Diagnosis Manual
_cPaulman,P.M
942 _2udc
_cBK
999 _c49985
_d49985